Vista normal
Vista MARC
- Farmacología
Entrada Término temático
Número de registros utilizados en: 1
001 - NÚMERO DE CONTROL
- campo de control: 3473
003 - IDENTIFICADOR DEL NÚMERO DE CONTROL
- campo de control: DO-SdUEMH
005 - FECHA Y HORA DE LA ÚLTIMA TRANSACCIÓN
- campo de control: 20260110165842.0
008 - DATOS DE LONGITUD FIJA
- campo de control de longitud fija: 260110|| a|z||babn | a|a d
040 ## - FUENTE DE LA CATALOGACIÓN
- Centro catalogador/agencia de origen: DO-SdUEMH
- Lengua de catalogación: spa
- Convención/Normas de encabezamiento de materia/tesauro: lemb
150 ## - ENCABEZAMIENTO--TÉRMINO DE MATERIA
- Término de materia o nombre geográfico como elemento de entrada: Farmacología
670 ## - FUENTE DE DATOS ENCONTRADOS
- Cita de la fuente: LEMB
- Información encontrada: (Farmacología)




